000 00757 a2200205 4500
001 34655
005 20260407155633.0
008 260407a1966 arg spa d
003 AR-UNSa-BCEJYS
040 _aAR-UNSa-BCEJYS
_bspa
_cAR-UNSa-BCEJYS
080 _a658.15
_xAdministración financiera privada. Gestión financiera de empresas
245 1 0 _aLa decisión de inversiones en la empresa
264 1 _aBilbao :
_bEdiciones Deusto
_c1966
300 _a210 p.
_c21 cm.
505 _a1. Introducción - 2. Objetivos de los negocios - 3. La influencia de la incertidumbre - 4. Procedimientos de la decisión - 5. Conclusiones.
942 _cBK
590 _aniveau_biblio:m niveau_hierar:0
100 1 _aWright, Robert E.
700 1 _aGil Castro, Pablo
999 _c2483
_d2483